[Event "17.Seefeld Open 2006"]
[Site "Seefeld/AUT (23.9.-1.10)"]
[Date "2006.09.25"]
[Round "3"]
[White "Schumacher, Helmut"]
[Black "Babinetz, Rainer"]
[Result "1/2-1/2"]
[WhiteElo "2076"]
[BlackElo "1946"]
[PlyCount "60"]
[EventDate "2006.09.??"]
[EventType "swiss"]
[EventRounds "9"]
[EventCountry "AUT"]

1. d4 d5 2. Nc3 Nf6 3. Bg5 Nbd7 4. Nf3 c6 5. e3 e6 6. Bd3 Be7 7. O-O O-O 8. h3
b6 9. Qe2 a6 10. Bxf6 Nxf6 11. e4 dxe4 12. Nxe4 Nd5 13. Qd2 Nb4 14. Bc4 Bb7 15.
c3 c5 16. Rfe1 Nd5 17. dxc5 bxc5 18. Qc2 h6 19. Rad1 Qc7 20. Rd2 Qf4 21. Rde2
Rad8 22. Qb3 Rb8 23. Ned2 Nb6 24. Ne5 Bd6 25. Qxb6 Bxe5 26. Rxe5 Qxd2 27. Qxc5
Rfc8 28. Qa7 Qxb2 29. Rc5 Rd8 30. Bb3 Bd5 1/2-1/2

[Event "17.Seefeld Open 2006"]
[Site "Seefeld/AUT (23.9.-1.10)"]
[Date "2006.09.25"]
[Round "3"]
[White "Sickinger, Wolfgang"]
[Black "Hofer, Franz"]
[Result "1-0"]
[WhiteElo "1644"]
[BlackElo "2061"]
[PlyCount "71"]
[EventDate "2006.09.??"]
[EventType "swiss"]
[EventRounds "9"]
[EventCountry "AUT"]

1. d4 e6 2. c4 f5 3. Nc3 Nf6 4. Nf3 Be7 5. Bf4 O-O 6. e3 d6 7. Bd3 b6 8. O-O
Bb7 9. Ng5 Qd7 10. f3 h6 11. Nh3 Nh5 12. Re1 Bh4 13. Re2 Bf6 14. Bc2 g5 15. Bg3
Nxg3 16. hxg3 Qg7 17. Nf2 Nc6 18. a3 Ne7 19. Qd3 Ba6 20. Nb5 d5 21. Qd1 Nc8 22.
Bd3 c6 23. cxd5 Bxb5 24. Bxb5 cxb5 25. dxe6 Nd6 26. Qb3 Kh7 27. Qd5 Rfd8 28. e4
fxe4 29. Rd1 exf3 30. gxf3 Kh8 31. Kg2 Rac8 32. Ng4 Ne8 33. Qf5 Rxd4 34. Rxd4
Bxd4 35. e7 Ra8 36. Re6 1-0

[Event "17.Seefeld Open 2006"]
[Site "Seefeld/AUT (23.9.-1.10)"]
[Date "2006.09.25"]
[Round "3"]
[White "Schmidt, Wolfgang"]
[Black "Abraham, Helmut"]
[Result "1-0"]
[WhiteElo "2061"]
[BlackElo "1461"]
[PlyCount "51"]
[EventDate "2006.09.??"]
[EventType "swiss"]
[EventRounds "9"]
[EventCountry "AUT"]

1. e4 c5 2. Nf3 Nc6 3. d4 cxd4 4. Nxd4 Qb6 5. Nb3 e6 6. Be3 Qc7 7. Bd3 Nf6 8.
O-O Be7 9. Nc3 O-O 10. f4 e5 11. a3 Qd8 12. Nd5 b6 13. fxe5 Nxd5 14. exd5 Nxe5
15. d6 Nxd3 16. dxe7 Qxe7 17. Qxd3 Bb7 18. Bf4 d5 19. Qg3 Rfe8 20. Rae1 Qd7 21.
Be5 g6 22. Qg5 f5 23. Qf6 d4 24. Qh8+ Kf7 25. Qg7+ Ke6 26. Nxd4+ 1-0

[Event "17.Seefeld Open 2006"]
[Site "Seefeld/AUT (23.9.-1.10)"]
[Date "2006.09.25"]
[Round "3"]
[White "Buchaeckert, Juergen"]
[Black "Schueler, Wolfgang"]
[Result "1/2-1/2"]
[WhiteElo "1943"]
[BlackElo "2073"]
[PlyCount "39"]
[EventDate "2006.09.??"]
[EventType "swiss"]
[EventRounds "9"]
[EventCountry "AUT"]

1. e4 e5 2. Nf3 Nc6 3. d4 exd4 4. Nxd4 Bc5 5. Be3 Qf6 6. c3 d6 7. Bc4 Ne5 8.
Be2 Qg6 9. O-O Nf6 10. f3 O-O 11. Nd2 Bxd4 12. cxd4 Nc6 13. Qc2 Ne8 14. a3 Kh8
15. f4 f5 16. e5 Ne7 17. Bf3 d5 18. Qc5 Qf7 19. Nb1 c6 20. Qc2 1/2-1/2

[Event "17.Seefeld Open 2006"]
[Site "Seefeld/AUT (23.9.-1.10)"]
[Date "2006.09.25"]
[Round "3"]
[White "Pieper, Harald"]
[Black "Ranker, Klemens"]
[Result "1/2-1/2"]
[WhiteElo "2067"]
[BlackElo "1936"]
[PlyCount "53"]
[EventDate "2006.09.??"]
[EventType "swiss"]
[EventRounds "9"]
[EventCountry "AUT"]

1. d4 Nf6 2. Nf3 g6 3. c4 Bg7 4. Nc3 O-O 5. e4 d6 6. Be2 Bg4 7. O-O c6 8. h3
Bxf3 9. Bxf3 Nbd7 10. Be3 Rc8 11. Qd2 a6 12. b4 Qc7 13. Rab1 Rfd8 14. Rfc1 Nf8
15. d5 N8d7 16. a4 c5 17. b5 Ra8 18. Rc2 a5 19. Be2 Nb6 20. f4 Rf8 21. f5 Nfd7
22. Bh6 Ne5 23. Bxg7 Kxg7 24. Nd1 f6 25. Nb2 Rg8 26. Rf1 g5 27. Rc3 1/2-1/2

[Event "17.Seefeld Open 2006"]
[Site "Seefeld/AUT (23.9.-1.10)"]
[Date "2006.09.25"]
[Round "3"]
[White "Platzgummer, Peter"]
[Black "Waibl, Herbert"]
[Result "1-0"]
[WhiteElo "1933"]
[BlackElo "2026"]
[PlyCount "39"]
[EventDate "2006.09.??"]
[EventType "swiss"]
[EventRounds "9"]
[EventCountry "AUT"]

1. e4 g6 2. d4 Bg7 3. Nc3 d6 4. Be3 b6 5. f3 Bb7 6. Qd2 e6 7. O-O-O Nd7 8. h4
h5 9. Nh3 Qe7 10. Nb5 Nb8 11. Bg5 f6 12. Be3 e5 13. dxe5 fxe5 14. Ng5 a6 15.
Nxc7+ Qxc7 16. Qxd6 Qxd6 17. Rxd6 Ne7 18. Bc4 Nbc6 19. Bxb6 Bh6 20. Rhd1 1-0

[Event "17.Seefeld Open 2006"]
[Site "Seefeld/AUT (23.9.-1.10)"]
[Date "2006.09.25"]
[Round "3"]
[White "Schulze, Joachim"]
[Black "Niedergesaess, Herbert"]
[Result "0-1"]
[WhiteElo "2010"]
[BlackElo "1950"]
[PlyCount "140"]
[EventDate "2006.09.??"]
[EventType "swiss"]
[EventRounds "9"]
[EventCountry "AUT"]

1. e4 e5 2. Nf3 Nc6 3. Bb5 a6 4. Ba4 Nf6 5. O-O Be7 6. Re1 b5 7. Bb3 d6 8. c3
O-O 9. d3 Na5 10. Bc2 c5 11. Nbd2 Qc7 12. Nf1 Re8 13. Ng3 Bf8 14. Bg5 Be7 15.
Qe2 h6 16. Bd2 Bf8 17. Rad1 g6 18. Bb1 Bg7 19. d4 Nc4 20. Bc1 exd4 21. cxd4 Bb7
22. b3 Nb6 23. Qd3 Rad8 24. d5 Rc8 25. Bf4 c4 26. bxc4 Nxc4 27. Rc1 Qd7 28. h3
Qd8 29. Qb3 g5 30. Be3 Nxe3 31. Qxe3 Nxd5 32. Qb3 Rc3 33. Rxc3 Nxc3 34. Bc2 d5
35. exd5 Rxe1+ 36. Nxe1 Qxd5 37. Qb4 Qd2 38. Qe7 Be4 39. Nxe4 Qxe1+ 40. Kh2
Nxe4 41. Qe8+ Bf8 42. Qxe4 Bd6+ 43. g3 Qxf2+ 44. Kh1 Qf6 45. Qd3 Kf8 46. Bb3
Qe5 47. Kg2 f5 48. Qf3 Qe4 49. Bd5 Qxf3+ 50. Kxf3 Ke7 51. g4 f4 52. Ke4 Kf6 53.
Kd4 a5 54. Ke4 b4 55. Bb3 Bc7 56. Bd1 Ke6 57. Kd4 Kd6 58. Kc4 Bd8 59. Bf3 Ke5
60. Bc6 Be7 61. Kd3 Bc5 62. Kc4 Kd6 63. Bf3 a4 64. Bd1 a3 65. Bf3 Ke5 66. Bc6
Be7 67. Bb7 b3 68. Kxb3 Kd4 69. Kc2 Ke3 70. Kd1 Bb4 0-1

[Event "17.Seefeld Open 2006"]
[Site "Seefeld/AUT (23.9.-1.10)"]
[Date "2006.09.25"]
[Round "3"]
[White "Wiesbeck, Florian"]
[Black "Strasser, Josef"]
[Result "1/2-1/2"]
[WhiteElo "1999"]
[BlackElo "1917"]
[PlyCount "80"]
[EventDate "2006.09.??"]
[EventType "swiss"]
[EventRounds "9"]
[EventCountry "AUT"]

1. d4 d5 2. Nf3 Nf6 3. c4 e6 4. Nc3 c6 5. e3 Nbd7 6. Qc2 Bd6 7. b3 O-O 8. Be2
b6 9. O-O Bb7 10. Bb2 Rc8 11. Rac1 c5 12. Qb1 dxc4 13. dxc5 Nxc5 14. bxc4 Qe7
15. Nb5 Bb8 16. Rfd1 Rfd8 17. Be5 Bxf3 18. Rxd8+ Rxd8 19. Bxf6 Qxf6 20. Bxf3 h5
21. Nd4 e5 22. Nc6 e4 23. Bxe4 Nxe4 24. Qxe4 Qd6 25. g3 Rf8 26. Qd5 Qf6 27. Rd1
h4 28. Nxb8 hxg3 29. hxg3 Rxb8 30. Qd6 Qxd6 31. Rxd6 Rb7 32. Kg2 Kf8 33. Kf3
Ke7 34. Rd4 Rc7 35. Ke4 Rc5 36. f4 f5+ 37. Kf3 Ra5 38. Rd2 Rc5 39. Rd4 Ra5 40.
Rd2 Rc5 1/2-1/2

[Event "17.Seefeld Open 2006"]
[Site "Seefeld/AUT (23.9.-1.10)"]
[Date "2006.09.25"]
[Round "3"]
[White "Noettger, Eckard"]
[Black "Plock, Christian"]
[Result "1-0"]
[WhiteElo "1783"]
[BlackElo "1990"]
[PlyCount "81"]
[EventDate "2006.09.??"]
[EventType "swiss"]
[EventRounds "9"]
[EventCountry "AUT"]

1. d4 d5 2. Nf3 Nf6 3. e3 g6 4. Bd3 Bg7 5. Nbd2 c6 6. O-O O-O 7. c3 Re8 8. e4
dxe4 9. Nxe4 Nbd7 10. Nxf6+ Nxf6 11. Ne5 Nd7 12. f4 Nb6 13. f5 Bxe5 14. dxe5
Bxf5 15. Bxf5 Qxd1 16. Rxd1 gxf5 17. Bg5 Kg7 18. Rd3 Rac8 19. Rad1 Rc7 20. b3
Kg6 21. Bh4 Kg7 22. c4 f6 23. Bg3 Rcc8 24. a4 fxe5 25. Bxe5+ Kf7 26. a5 Ke6 27.
Bf4 Na8 28. Rd7 b5 29. Rxa7 bxc4 30. bxc4 Rcd8 31. Rxd8 Rxd8 32. Bg5 Re8 33.
Rb7 Kd6 34. a6 Nc7 35. a7 e5 36. Be3 h5 37. Rb8 Kd7 38. Rb7 Kc8 39. Rb6 Kd7 40.
Bc5 Ra8 41. Rb8 1-0

[Event "17.Seefeld Open 2006"]
[Site "Seefeld/AUT (23.9.-1.10)"]
[Date "2006.09.25"]
[Round "3"]
[White "Gestrich, Wolfgang"]
[Black "Werner, Bernd"]
[Result "0-1"]
[WhiteElo "1756"]
[BlackElo "1980"]
[PlyCount "94"]
[EventDate "2006.09.??"]
[EventType "swiss"]
[EventRounds "9"]
[EventCountry "AUT"]

1. c4 Nf6 2. Nc3 d5 3. cxd5 Nxd5 4. g3 g6 5. Bg2 c6 6. Nxd5 cxd5 7. d4 Bg7 8.
e3 O-O 9. Ne2 Nc6 10. a3 Re8 11. O-O Bg4 12. h3 Bxe2 13. Qxe2 e6 14. b4 Rc8 15.
Bb2 Qd7 16. Rfc1 a6 17. Rc2 Na7 18. Rac1 Rxc2 19. Rxc2 Rc8 20. Qd2 Rxc2 21.
Qxc2 Qc6 22. Qxc6 Nxc6 23. f4 f5 24. Bf1 b5 25. h4 Kf7 26. Kf2 h5 27. Bd3 Ke7
28. Bc3 Kd7 29. Bc2 Bf8 30. Bd3 Kc7 31. Bb2 Kb6 32. Ke2 a5 33. bxa5+ Nxa5 34.
Kd1 Nc4 35. Bxc4 bxc4 36. Kc2 Kb5 37. Kc3 Ka4 38. Kc2 Bxa3 39. Bxa3 Kxa3 40.
Kc3 Ka4 41. Kc2 Kb4 42. Kb2 c3+ 43. Kc1 Kb3 44. Kb1 c2+ 45. Kc1 Kc3 46. e4 fxe4
47. f5 e3 0-1

[Event "17.Seefeld Open 2006"]
[Site "Seefeld/AUT (23.9.-1.10)"]
[Date "2006.09.25"]
[Round "3"]
[White "Russ, Colin"]
[Black "Duric, Rajko"]
[Result "1-0"]
[WhiteElo "1963"]
[BlackElo "1848"]
[PlyCount "81"]
[EventDate "2006.09.??"]
[EventType "swiss"]
[EventRounds "9"]
[EventCountry "AUT"]

1. Nf3 Nf6 2. d4 d5 3. c4 c6 4. e3 Bg4 5. Nc3 e6 6. h3 Bh5 7. cxd5 exd5 8. Qb3
Qc8 9. Ne5 Nbd7 10. f4 Bg6 11. Bd2 Ne4 12. g4 Nxd2 13. Kxd2 Nxe5 14. fxe5 Be7
15. Bd3 Bxd3 16. Kxd3 O-O 17. Raf1 b5 18. Ne2 a5 19. Nf4 a4 20. Qc2 Qa6 21. Kd2
b4 22. Qd3 Qxd3+ 23. Nxd3 Rac8 24. Rc1 Rc7 25. Nc5 Ra8 26. Rc2 Ra5 27. Rhc1 Kf8
28. Nd3 Ra6 29. Kd1 Ke8 30. Nf4 Kd7 31. Nxd5 b3 32. axb3 axb3 33. Rc3 Rca7 34.
Nxe7 Kxe7 35. Rxb3 f6 36. exf6+ Kxf6 37. Rbc3 Ke6 38. Rxc6+ Rxc6 39. Rxc6+ Kd5
40. Rc5+ Ke4 41. Ke2 1-0

[Event "17.Seefeld Open 2006"]
[Site "Seefeld/AUT (23.9.-1.10)"]
[Date "2006.09.25"]
[Round "3"]
[White "Brett, Digby"]
[Black "Johanssen, Torsten"]
[Result "0-1"]
[WhiteElo "1855"]
[BlackElo "2001"]
[PlyCount "96"]
[EventDate "2006.09.??"]
[EventType "swiss"]
[EventRounds "9"]
[EventCountry "AUT"]

1. e4 Nf6 2. e5 Nd5 3. d4 d6 4. Nf3 g6 5. Be2 Bg7 6. h3 O-O 7. O-O Nc6 8. c3
dxe5 9. dxe5 Nxe5 10. Nxe5 Bxe5 11. Bf3 Nf4 12. Qb3 Qd6 13. Bxf4 Bxf4 14. Rd1
Qf6 15. Na3 Bd6 16. c4 a6 17. Rd2 Rb8 18. Re2 b6 19. Rae1 Bb7 20. Bxb7 Rxb7 21.
Nc2 Rbb8 22. Ne3 e6 23. a3 h5 24. Qc2 a5 25. Nf1 Rbd8 26. Nd2 Bf4 27. Nf3 Rd7
28. Re4 Rfd8 29. Qe2 Rd3 30. Qc2 c5 31. R4e2 Qe7 32. Kf1 Qf6 33. Kg1 Kg7 34.
Rb1 R8d6 35. Rbe1 Qd8 36. Kf1 Qf6 37. Kg1 g5 38. Ne5 Rd2 39. Rxd2 Rxd2 40. Qc3
Rd4 41. Nf3 Rd6 42. Qxf6+ Kxf6 43. Re2 g4 44. hxg4 hxg4 45. Ne1 Rd1 46. Kf1 Bd2
47. Re4 Kf5 48. f3 Rxe1+ 0-1

[Event "17.Seefeld Open 2006"]
[Site "Seefeld/AUT (23.9.-1.10)"]
[Date "2006.09.25"]
[Round "3"]
[White "Andreini, Gigliolu"]
[Black "Di Lazzaro, Gabriele"]
[Result "0-1"]
[WhiteElo "1660"]
[BlackElo "1986"]
[PlyCount "70"]
[EventDate "2006.09.??"]
[EventType "swiss"]
[EventRounds "9"]
[EventCountry "AUT"]

1. c4 e5 2. Nc3 Bb4 3. e3 Bxc3 4. bxc3 Ne7 5. g3 d6 6. Bg2 Nbc6 7. d4 O-O 8.
Ne2 Rb8 9. O-O b6 10. Ba3 Na5 11. c5 Nc4 12. cxd6 cxd6 13. Bc1 Qc7 14. h3 Bb7
15. e4 f5 16. exf5 Bxg2 17. Kxg2 Rxf5 18. Ng1 Rbf8 19. Qd3 Qc6+ 20. f3 e4 21.
d5 Nxd5 22. Qxe4 Re5 23. Qd4 Nce3+ 24. Bxe3 Nxe3+ 25. Kh2 Nxf1+ 26. Rxf1 Qd5
27. Qxd5+ Rxd5 28. Rf2 Re8 29. f4 Re3 30. Rc2 Red3 31. Kg2 Rd2+ 32. Rxd2 Rxd2+
33. Kf3 Rxa2 34. Ne2 a5 35. Ke3 a4 0-1

[Event "17.Seefeld Open 2006"]
[Site "Seefeld/AUT (23.9.-1.10)"]
[Date "2006.09.25"]
[Round "3"]
[White "Walz, Robert"]
[Black "Stojanovic, Milorad"]
[Result "1-0"]
[WhiteElo "1984"]
[BlackElo "1690"]
[PlyCount "65"]
[EventDate "2006.09.??"]
[EventType "swiss"]
[EventRounds "9"]
[EventCountry "AUT"]

1. e4 e5 2. Nf3 Nc6 3. Bc4 Nf6 4. Ng5 d5 5. exd5 Nxd5 6. d4 Be7 7. Nxf7 Kxf7 8.
Qf3+ Bf6 9. Bxd5+ Be6 10. Bxe6+ Kxe6 11. dxe5 Bxe5 12. O-O Qf6 13. Qg4+ Kf7 14.
Bg5 Qg6 15. Nc3 Rhe8 16. Rad1 Kg8 17. Qc4+ Kh8 18. f4 h6 19. Bh4 Bd6 20. f5 Qh5
21. f6 g5 22. Bg3 Bxg3 23. hxg3 Ne5 24. Qxc7 Nf7 25. Rd7 Kg8 26. Nd5 Rf8 27.
Ne7+ Kh7 28. Qc4 Ne5 29. Qe4+ Kh8 30. Qxe5 Qf7 31. Qf5 Rg8 32. Nxg8 Qxg8 33.
Rg7 1-0

[Event "17.Seefeld Open 2006"]
[Site "Seefeld/AUT (23.9.-1.10)"]
[Date "2006.09.25"]
[Round "3"]
[White "Samarian, Cornel"]
[Black "Laux, Dieter"]
[Result "1/2-1/2"]
[WhiteElo "1937"]
[BlackElo "1228"]
[PlyCount "58"]
[EventDate "2006.09.??"]
[EventType "swiss"]
[EventRounds "9"]
[EventCountry "AUT"]

1. c4 Nc6 2. g3 b6 3. Bg2 Bb7 4. e4 e5 5. Ne2 d6 6. O-O Qd7 7. Nbc3 Nd4 8. d3
c5 9. Nxd4 cxd4 10. Nd5 Bxd5 11. exd5 Nf6 12. f4 Ng4 13. h3 Nh6 14. a4 a5 15.
Bd2 f6 16. b4 axb4 17. Bxb4 Nf5 18. Rf3 Ne3 19. Qb3 Be7 20. Bd2 Nxg2 21. Kxg2
Bd8 22. Rff1 Bc7 23. Ra2 O-O 24. Qc2 Ra6 25. Ra3 Ra7 26. Rfa1 Rfa8 27. Qd1 g6
28. R1a2 Kg7 29. Qa1 Qd8 1/2-1/2

[Event "17.Seefeld Open 2006"]
[Site "Seefeld/AUT (23.9.-1.10)"]
[Date "2006.09.25"]
[Round "3"]
[White "Disselberger, Alfons"]
[Black "Aufmwasser, Guenter"]
[Result "0-1"]
[WhiteElo "1289"]
[BlackElo "1909"]
[PlyCount "77"]
[EventDate "2006.09.??"]
[EventType "swiss"]
[EventRounds "9"]
[EventCountry "AUT"]

1. e4 e5 2. Nf3 f5 3. exf5 e4 4. Nd4 Qf6 5. c3 d5 6. Qe2 Nc6 7. Nxc6 bxc6 8. d3
Bxf5 9. dxe4 dxe4 10. Be3 Qe6 11. Qc4 Nf6 12. Qxe6+ Bxe6 13. Nd2 Bd6 14. Bc4
Bd5 15. Be2 O-O 16. c4 Be6 17. a3 Be5 18. Rb1 a5 19. O-O a4 20. Bc5 Rfd8 21.
Be3 Rab8 22. b3 Bc3 23. b4 Bxd2 24. b5 Bxe3 25. fxe3 Rd2 26. Rfe1 cxb5 27. cxb5
Ng4 28. Bf1 Ne5 29. Rec1 Rd7 30. Rc5 Nd3 31. Rc6 Bd5 32. Rc3 Bb3 33. Rbxb3 axb3
34. Rxb3 c6 35. b6 Rdb7 36. Bxd3 exd3 37. Rxd3 Rxb6 38. h3 Rb3 39. Rxb3 0-1

[Event "17.Seefeld Open 2006"]
[Site "Seefeld/AUT (23.9.-1.10)"]
[Date "2006.09.26"]
[Round "4"]
[White "Weinzettl, Ernst"]
[Black "Bronznik, Valeri"]
[Result "1/2-1/2"]
[WhiteElo "2327"]
[BlackElo "2383"]
[PlyCount "26"]
[EventDate "2006.09.??"]
[EventType "swiss"]
[EventRounds "9"]
[EventCountry "AUT"]

1. e4 c5 2. Nf3 Nc6 3. d4 cxd4 4. Nxd4 Nf6 5. Nc3 e5 6. Ndb5 d6 7. Bg5 a6 8.
Na3 b5 9. Bxf6 gxf6 10. Nd5 Bg7 11. c3 f5 12. g4 fxe4 13. Nc2 Ne7 1/2-1/2

[Event "17.Seefeld Open 2006"]
[Site "Seefeld/AUT (23.9.-1.10)"]
[Date "2006.09.26"]
[Round "4"]
[White "Kesik, Klaus-Dieter"]
[Black "Dittmar, Peter"]
[Result "1-0"]
[WhiteElo "2280"]
[BlackElo "2334"]
[PlyCount "69"]
[EventDate "2006.09.??"]
[EventType "swiss"]
[EventRounds "9"]
[EventCountry "AUT"]

1. d4 d5 2. c4 e6 3. Nf3 Nf6 4. cxd5 exd5 5. Nc3 c6 6. Qc2 Be7 7. Bf4 g6 8. e3
Bf5 9. Bd3 Bxd3 10. Qxd3 O-O 11. O-O Nbd7 12. Rab1 a5 13. Qc2 Nb6 14. Ne5 Nfd7
15. Bh6 Re8 16. f4 Bd6 17. Rf3 Qe7 18. Rbf1 f5 19. Rg3 Qe6 20. Rff3 Bf8 21.
Bxf8 Rxf8 22. h4 Nxe5 23. fxe5 Kh8 24. Ne2 Qe7 25. Nf4 Rg8 26. Rg5 Rg7 27. Rfg3
Rag8 28. h5 gxh5 29. Rxg7 Rxg7 30. Rxg7 Kxg7 31. Qxf5 h4 32. Nh5+ Kh6 33. Nf6
Qf7 34. e6 Qg6 35. Qxg6+ 1-0

[Event "17.Seefeld Open 2006"]
[Site "Seefeld/AUT (23.9.-1.10)"]
[Date "2006.09.26"]
[Round "4"]
[White "Rausch, Stephan"]
[Black "Schoetzig, Detlef"]
[Result "1-0"]
[WhiteElo "2343"]
[BlackElo "2124"]
[PlyCount "67"]
[EventDate "2006.09.??"]
[EventType "swiss"]
[EventRounds "9"]
[EventCountry "AUT"]

1. d4 Nf6 2. Nf3 e6 3. Bg5 h6 4. Bh4 c5 5. e3 d5 6. c3 Qb6 7. Qc1 Bd7 8. Nbd2
cxd4 9. exd4 Bb5 10. Ne5 Bxf1 11. Nxf1 Nc6 12. Bxf6 gxf6 13. Nd3 Bd6 14. Ne3
Rg8 15. O-O O-O-O 16. f4 Kb8 17. Kh1 Rg7 18. Qd2 Rdg8 19. Rf2 Qc7 20. Qe2 f5
21. Rg1 Ne7 22. Qh5 Rh8 23. g3 Ng8 24. Qh4 Be7 25. Qh3 Nf6 26. g4 Rhg8 27. Rfg2
Bd6 28. gxf5 Rxg2 29. Rxg2 Bxf4 30. Rxg8+ Nxg8 31. fxe6 fxe6 32. Qxe6 Bxe3 33.
Qxg8+ Qc8 34. Qg3+ 1-0

[Event "17.Seefeld Open 2006"]
[Site "Seefeld/AUT (23.9.-1.10)"]
[Date "2006.09.26"]
[Round "4"]
[White "Schmidt, Juergen"]
[Black "Stabolewski, Andreas"]
[Result "1/2-1/2"]
[WhiteElo "2122"]
[BlackElo "2235"]
[PlyCount "35"]
[EventDate "2006.09.??"]
[EventType "swiss"]
[EventRounds "9"]
[EventCountry "AUT"]

1. e4 c5 2. Nf3 Nc6 3. d4 cxd4 4. Nxd4 Nf6 5. Nc3 d6 6. Bc4 Qb6 7. Nb3 e6 8.
O-O a6 9. Be3 Qc7 10. a4 b6 11. f4 Be7 12. Qe2 O-O 13. Bf2 Re8 14. Bg3 Nb4 15.
Bd3 e5 16. Nd5 Nfxd5 17. exd5 Nxd3 18. Qxd3 1/2-1/2

[Event "17.Seefeld Open 2006"]
[Site "Seefeld/AUT (23.9.-1.10)"]
[Date "2006.09.26"]
[Round "4"]
[White "Van der Weide, Karel"]
[Black "Kozlov, Alexander"]
[Result "1-0"]
[WhiteElo "2443"]
[BlackElo "2118"]
[PlyCount "65"]
[EventDate "2006.09.??"]
[EventType "swiss"]
[EventRounds "9"]
[EventCountry "AUT"]

1. e4 c5 2. Nf3 e6 3. d4 cxd4 4. Nxd4 Bc5 5. Be3 Qb6 6. c3 Nc6 7. Nd2 Nxd4 8.
Nc4 Qc6 9. Bxd4 Qxe4+ 10. Be2 Be7 11. O-O Nf6 12. Bf3 Qf5 13. Qa4 b5 14. Qa5
Ne4 15. Ne5 f6 16. Rfe1 Bb7 17. Qc7 Rd8 18. Qxb7 Nd6 19. Qxa7 fxe5 20. Bxe5 O-O
21. Bg3 Nc4 22. Rad1 Bc5 23. Qc7 d6 24. Re2 Rc8 25. Qb7 Rb8 26. Qe4 Qxe4 27.
Bxe4 Rbd8 28. Bd3 e5 29. a4 d5 30. axb5 e4 31. Bxc4 dxc4 32. Rxd8 Rxd8 33. h4
1-0

[Event "17.Seefeld Open 2006"]
[Site "Seefeld/AUT (23.9.-1.10)"]
[Date "2006.09.26"]
[Round "4"]
[White "Mohrlok, Dieter"]
[Black "Oettinger, Hagen"]
[Result "1-0"]
[WhiteElo "2321"]
[BlackElo "2083"]
[PlyCount "53"]
[EventDate "2006.09.??"]
[EventType "swiss"]
[EventRounds "9"]
[EventCountry "AUT"]

1. d4 Nf6 2. Nc3 d5 3. Bg5 e6 4. e3 Be7 5. Bd3 Nbd7 6. f4 c5 7. Nf3 a6 8. a4
Qb6 9. Ra2 h6 10. Bh4 Ng4 11. Bxe7 Kxe7 12. Qd2 Re8 13. O-O cxd4 14. exd4 Kf8
15. a5 Qa7 16. Kh1 b5 17. Raa1 Bb7 18. Rae1 Rad8 19. h3 Ngf6 20. Qf2 b4 21. Na2
Ne4 22. Qh4 b3 23. cxb3 Ndf6 24. g4 Nd2 25. Nxd2 Qxd4 26. Nc1 Rc8 27. Qf2 1-0

[Event "17.Seefeld Open 2006"]
[Site "Seefeld/AUT (23.9.-1.10)"]
[Date "2006.09.26"]
[Round "4"]
[White "Schunk, Thomas"]
[Black "Schmidt, Wolfgang"]
[Result "1-0"]
[WhiteElo "2315"]
[BlackElo "2061"]
[PlyCount "43"]
[EventDate "2006.09.??"]
[EventType "swiss"]
[EventRounds "9"]
[EventCountry "AUT"]

1. c4 Nf6 2. Nc3 g6 3. g3 Bg7 4. Bg2 O-O 5. d4 d6 6. Nf3 Nc6 7. O-O e5 8. h3
exd4 9. Nxd4 Nxd4 10. Qxd4 Ng4 11. Qd2 Ne5 12. b3 Re8 13. Bb2 Rb8 14. Rae1 Bd7
15. f4 Nc6 16. g4 Qh4 17. Nd5 Rbc8 18. Bxg7 Kxg7 19. g5 Re6 20. Qc3+ f6 21.
Nxf6 Rxf6 22. Qxf6+ 1-0

[Event "17.Seefeld Open 2006"]
[Site "Seefeld/AUT (23.9.-1.10)"]
[Date "2006.09.26"]
[Round "4"]
[White "Kauch, Markus"]
[Black "Stock, Juergen"]
[Result "1-0"]
[WhiteElo "2244"]
[BlackElo "2026"]
[PlyCount "99"]
[EventDate "2006.09.??"]
[EventType "swiss"]
[EventRounds "9"]
[EventCountry "AUT"]

1. Nf3 e6 2. g3 f5 3. Bg2 Nf6 4. O-O c6 5. b3 Be7 6. Bb2 O-O 7. c4 d6 8. d3 e5
9. c5 Nbd7 10. cxd6 Bxd6 11. Na3 Bxa3 12. Bxa3 Re8 13. Qc2 Nb6 14. Rad1 Nbd5
15. e4 Nc7 16. Bb2 Qd6 17. Rfe1 f4 18. gxf4 Nh5 19. fxe5 Qg6 20. Bc1 Bh3 21.
Nh4 Qg4 22. Re3 Nf4 23. Rg3 Ne2+ 24. Kh1 Nxg3+ 25. hxg3 Bxg2+ 26. Kxg2 Rxe5 27.
Nf5 Rxf5 28. exf5 Qxf5 29. Qc4+ Nd5 30. Qe4 Qf7 31. Rh1 Nf6 32. Qc4 Rd8 33. Be3
a6 34. Rh4 Rd5 35. Bd4 Qe6 36. Rf4 Qd6 37. b4 b5 38. Qb3 Kh8 39. Qc3 Rg5 40.
Rxf6 gxf6 41. Bxf6+ Kg8 42. Bxg5 Qd5+ 43. Kg1 Qxg5 44. Qxc6 Qd2 45. Qxa6 Qxd3
46. Qa8+ Kg7 47. Kg2 Qb1 48. Qb7+ Kg8 49. Qxb5 Qxa2 50. Qc6 1-0

[Event "17.Seefeld Open 2006"]
[Site "Seefeld/AUT (23.9.-1.10)"]
[Date "2006.09.26"]
[Round "4"]
[White "Ballon, Guenther-Jan"]
[Black "Scheidt, Eugen"]
[Result "1-0"]
[WhiteElo "2184"]
[BlackElo "1980"]
[PlyCount "57"]
[EventDate "2006.09.??"]
[EventType "swiss"]
[EventRounds "9"]
[EventCountry "AUT"]

1. d4 Nf6 2. c4 e6 3. Nc3 Bb4 4. f3 d5 5. a3 Bxc3+ 6. bxc3 b6 7. cxd5 exd5 8.
e3 O-O 9. Bd3 Bb7 10. Ne2 Re8 11. O-O Nbd7 12. Ng3 c5 13. Ra2 Qc7 14. Re2 Rad8
15. Qe1 Nf8 16. Qf2 Bc6 17. Rfe1 Ne6 18. Nf5 Nf8 19. e4 dxe4 20. fxe4 cxd4 21.
Bf4 Qd7 22. Nd6 Re7 23. cxd4 Nh5 24. Nf5 Re6 25. d5 Nxf4 26. Qxf4 Ree8 27. dxc6
Qxd3 28. c7 Rc8 29. Nd6 1-0

[Event "17.Seefeld Open 2006"]
[Site "Seefeld/AUT (23.9.-1.10)"]
[Date "2006.09.26"]
[Round "4"]
[White "Keller, Manfred"]
[Black "Kesik, Marco"]
[Result "1-0"]
[WhiteElo "2180"]
[BlackElo "1916"]
[PlyCount "41"]
[EventDate "2006.09.??"]
[EventType "swiss"]
[EventRounds "9"]
[EventCountry "AUT"]

1. e4 c5 2. Nf3 e6 3. d4 cxd4 4. Nxd4 a6 5. Bd3 Qc7 6. O-O Nf6 7. Qe2 d6 8. c4
Be7 9. Nc3 O-O 10. Be3 b6 11. Rac1 Nbd7 12. f4 Nc5 13. Bb1 Bb7 14. Bf2 d5 15.
cxd5 Qxf4 16. b4 Ncxe4 17. Nxe4 Nxe4 18. Bxe4 exd5 19. Bxh7+ Kxh7 20. Qxe7 Rfc8
21. Be3 1-0

[Event "17.Seefeld Open 2006"]
[Site "Seefeld/AUT (23.9.-1.10)"]
[Date "2006.09.26"]
[Round "4"]
[White "Thoeny, Hermann"]
[Black "Lagrotteria, Salvatore"]
[Result "0-1"]
[WhiteElo "2175"]
[BlackElo "2176"]
[PlyCount "106"]
[EventDate "2006.09.??"]
[EventType "swiss"]
[EventRounds "9"]
[EventCountry "AUT"]

1. Nf3 d5 2. d4 c6 3. c4 Nf6 4. Qc2 Bg4 5. Nbd2 e6 6. e3 Nbd7 7. Be2 Bd6 8. O-O
Qc7 9. h3 Bh5 10. Re1 O-O 11. e4 dxe4 12. Nxe4 Nxe4 13. Qxe4 Bg6 14. Qe3 c5 15.
Rd1 Rad8 16. d5 exd5 17. cxd5 Rfe8 18. Qd2 a6 19. Bd3 Nf6 20. Bxg6 hxg6 21. Qc2
Nxd5 22. Rxd5 Bh2+ 23. Nxh2 Re1+ 24. Nf1 Rxd5 25. Bf4 Rxf1+ 26. Rxf1 Qxf4 27.
Qb3 Rd7 28. Qc3 c4 29. b3 Rc7 30. bxc4 Rxc4 31. Qd3 b5 32. Qd5 Kh7 33. g3 Qf5
34. Qd6 Ra4 35. a3 Qf3 36. Ra1 f5 37. Qe7 Qc3 38. Rd1 Qxa3 39. Qe8 Qf3 40. Qd8
g5 41. Rc1 Ra2 42. Rf1 f4 43. Qf8 Qe4 44. Qf7 Rd2 45. Qh5+ Kg8 46. Qxg5 Rd5 47.
Qg4 Qf5 48. Qxf5 Rxf5 49. g4 Rf6 50. g5 Rb6 51. Rb1 b4 52. h4 a5 53. h5 Rb5 0-1